Στοιχεία δημοκρατικού πολιτεύματος και δικαίου : προς χρήση των μαθητών της Α'τάξεως των λυκείων της Ελλάδος και παντός Έλληνος πολίτου

Αποθηκεύτηκε σε:
Λεπτομέρειες βιβλιογραφικής εγγραφής
Μορφή: Βιβλίο
Γλώσσα:Greek
Δημοσίευση: Αθήναι : Μαικήνας, [χ.χ.]
Θέματα:
Ετικέτες: Προσθήκη ετικέτας
Δεν υπάρχουν, Καταχωρήστε ετικέτα πρώτοι!

MARC

LEADER 00000cam a2200000 i 4500
001 1/80389
008 050708s19701980gr ||| ||||| ||gre||
035 |l 10079012 
040 |a GR-MY-UA  |b gre  |e aacr 
041 0 |a gre 
082 0 |a 301  |2 (22) 
245 1 0 |a Στοιχεία δημοκρατικού πολιτεύματος και δικαίου :  |b προς χρήση των μαθητών της Α'τάξεως των λυκείων της Ελλάδος και παντός Έλληνος πολίτου 
260 |a Αθήναι :   |b Μαικήνας,   |c [χ.χ.] 
300 |a 217 σ.;  |c 20 εκ. 
500 |a Με: Στοιχεία δημοκρατικού πολιτεύματος 
504 |a Στο τέλος του τόμου περιέχει τα κείμενα του συντάγματος της Ελλάδος 
650 0 0 |a Sociology. 
650 0 0 |a Political science  |z Greece. 
852 |a INST  |b RHODES  |c KRI  |e 20050708  |h  301 ΣΤΟ  |p 005400022990  |q 005400022990  |t BK  |y 0 
901 |a BIBL4-2005-2 
909 |a Ρ  |b 111075 
970 |a ΣΙΔΕΡΗ  |b ΝΕΚΤΑΡΙΑ  |z 2005/07/08